[Event "Catarinense-ch U20"]
[Site "Rio Negrinho"]
[Date "2023.03.26"]
[Round "6"]
[White "Franca, Willian Bento"]
[Black "De Souza, Alexandre Santos"]
[Result "1/2-1/2"]
[WhiteElo "2202"]
[BlackElo "1662"]
[PlyCount "96"]
[EventDate "2023.03.24"]
[EventType "swiss"]
[EventRounds "6"]
[EventCountry "BRA"]
[SourceTitle "CBM 213 Extra"]
[Source "ChessBase"]
[SourceDate "2023.05.31"]
[SourceVersion "1"]
[SourceVersionDate "2023.05.31"]
[SourceQuality "1"]

1. b3 d5 2. Bb2 Nf6 3. Nf3 Bf5 4. e3 e6 5. c4 c6 6. d4 Nbd7 7. Be2 Bxb1 8. Qxb1 Bb4+ 9. Kf1 Ne4 10. Qc2 0-0 11. g3 f5 12. Ne1 Qg5 13. Kg2 f4 14. h4 Qg6 15. h5 Qg5 16. Nf3 Qf5 17. gxf4 Be7 18. Nh4 Bxh4 19. Rxh4 g5 20. hxg6 Rf6 21. gxh7+ Kh8 22. Rg1 Rg6+ 23. Kh2 Ndf6 24. Rxg6 Qxg6 25. Bf3 Rf8 26. Bxe4 Nxe4 27. Qe2 Rf7 28. Qh5 Qxh5 29. Rxh5 Nxf2 30. Kg2 Nd1 31. Bc1 Nc3 32. Kf3 Rxh7 33. Rxh7+ Kxh7 34. cxd5 cxd5 35. Ba3 Kg6 36. Bc5 a6 37. a4 Kf5 38. Bb4 Ne4 39. Be1 b5 40. Ba5 Nd6 41. Bc7 Ne4 42. axb5 axb5 43. Ba5 Nf6 44. Bd2 Ng4 45. Bc1 Nh2+ 46. Kg3 Ng4 47. Kf3 Nh2+ 48. Kg3 Ng4 1/2-1/2

[Event "Santa Catarina-ch 64th "]
[Site "Lages"]
[Date "2020.02.16"]
[Round "6"]
[White "De Souza, Alexandre Santos"]
[Black "Centeno, Daniel de Medeiros"]
[Result "1-0"]
[WhiteElo "1579"]
[BlackElo "1287"]
[PlyCount "59"]
[EventDate "2020.02.14"]
[EventType "swiss"]
[EventRounds "6"]
[EventCountry "BRA"]
[SourceTitle "CBM 195 Extra"]
[Source "ChessBase"]
[SourceDate "2020.05.31"]
[SourceVersion "1"]
[SourceVersionDate "2020.05.31"]
[SourceQuality "1"]

1. e4 d5 2. exd5 Nf6 3. c4 Bf5 4. d4 c6 5. Nc3 cxd5 6. Qb3 e6 7. cxd5 Nxd5 8. Qxb7 Nb6 9. Bb5+ N8d7 10. Bf4 Be7 11. d5 e5 12. Bxe5 0-0 13. Bc7 Qe8 14. Nge2 Nc5 15. Bxe8 Nxb7 16. Bc6 Rac8 17. Bxb6 axb6 18. Bxb7 Rc7 19. Bc6 Bc5 20. 0-0 Rd8 21. Rad1 Re7 22. Nd4 Bg4 23. Rd2 Rc7 24. Bb5 Kf8 25. h3 Bc8 26. Rfd1 Bb7 27. Nf5 f6 28. d6 Rf7 29. a3 Ba8 30. b4 1-0

[Event "Santa Catarina-ch 64th "]
[Site "Lages"]
[Date "2020.02.15"]
[Round "4"]
[White "De Souza, Alexandre Santos"]
[Black "Lanznaster, Joao Vitor"]
[Result "1-0"]
[WhiteElo "1579"]
[BlackElo "1292"]
[PlyCount "41"]
[EventDate "2020.02.14"]
[EventType "swiss"]
[EventRounds "6"]
[EventCountry "BRA"]
[SourceTitle "CBM 195 Extra"]
[Source "ChessBase"]
[SourceDate "2020.05.31"]
[SourceVersion "1"]
[SourceVersionDate "2020.05.31"]
[SourceQuality "1"]

1. e4 c5 2. Nf3 e6 3. d4 cxd4 4. Nxd4 Nf6 5. Nc3 Bb4 6. e5 Nd5 7. Bd2 Qc7 8. Nxd5 Bxd2+ 9. Qxd2 exd5 10. 0-0-0 0-0 11. Nb5 Qxe5 12. f4 Qe4 13. Nc7 b6 14. Nxa8 Na6 15. Bxa6 Bxa6 16. Nc7 Bb7 17. Nxd5 Bxd5 18. Qxd5 Qxf4+ 19. Kb1 Rd8 20. Rhf1 Qh4 21. Qxf7+ 1-0

[Event "Sao Bento do Sul op 07"]
[Site "Sao Bento do Sul"]
[Date "2019.07.13"]
[Round "4"]
[White "De Souza, Alexandre Santos"]
[Black "Idalgo Filho, Robson Farias"]
[Result "1-0"]
[WhiteElo "1560"]
[BlackElo "1935"]
[PlyCount "61"]
[EventDate "2019.07.12"]
[EventType "swiss"]
[EventRounds "7"]
[EventCountry "BRA"]
[SourceTitle "CBM 195 Extra"]
[Source "ChessBase"]
[SourceDate "2020.05.31"]
[SourceVersion "1"]
[SourceVersionDate "2020.05.31"]
[SourceQuality "1"]

1. e4 c5 2. Nf3 d6 3. d4 cxd4 4. Nxd4 Nf6 5. Nc3 a6 6. Bc4 e6 7. Bb3 Be7 8. f4 0-0 9. Be3 Nc6 10. Qd2 Ng4 11. 0-0-0 Nxe3 12. Qxe3 Bd7 13. Kb1 Qc7 14. g4 b5 15. f5 b4 16. fxe6 bxc3 17. exd7 Nxd4 18. Qxd4 cxb2 19. Ba4 Rab8 20. Rhe1 Qa5 21. Bc6 Rb6 22. Qc4 Rb4 23. Qd5 Qb6 24. e5 dxe5 25. Rxe5 Bd8 26. Re8 Rxg4 27. Qd6 h6 28. Rxf8+ Kh7 29. Qd3+ f5 30. Qxf5+ Rg6 31. Be4 1-0

[Event "Sao Bento do Sul op 07"]
[Site "Sao Bento do Sul"]
[Date "2019.07.13"]
[Round "3"]
[White "Purim, Kaiane"]
[Black "De Souza, Alexandre Santos"]
[Result "0-1"]
[WhiteElo "1218"]
[BlackElo "1560"]
[PlyCount "70"]
[EventDate "2019.07.12"]
[EventType "swiss"]
[EventRounds "7"]
[EventCountry "BRA"]
[SourceTitle "CBM 195 Extra"]
[Source "ChessBase"]
[SourceDate "2020.05.31"]
[SourceVersion "1"]
[SourceVersionDate "2020.05.31"]
[SourceQuality "1"]

1. c4 c5 2. Nc3 Nc6 3. g3 g6 4. Bg2 Bg7 5. e3 e5 6. Nge2 Nge7 7. 0-0 h5 8. a3 h4 9. h3 hxg3 10. fxg3 d6 11. Rb1 Bxh3 12. b4 Bxg2 13. Kxg2 Nf5 14. Rh1 Rxh1 15. Qxh1 Qd7 16. g4 Nh6 17. Nd5 Qxg4+ 18. Ng3 0-0-0 19. b5 Nf5 20. Qe1 Nh4+ 21. Kf1 Qxc4+ 22. Ne2 Qxd5 23. Qxh4 Qf3+ 24. Ke1 Rh8 25. Qf2 Qxf2+ 26. Kxf2 Ne7 27. Bb2 Rh2+ 28. Kf3 Nf5 29. d3 Nh4+ 30. Kg3 Rxe2 31. Kxh4 Rxe3 32. Rf1 f5 33. Rg1 Bf6+ 34. Rg5 Bxg5+ 35. Kxg5 f4 0-1

[Event "Sao Bento do Sul op 07"]
[Site "Sao Bento do Sul"]
[Date "2019.07.13"]
[Round "5"]
[White "Silva, Guilherme Henrique"]
[Black "De Souza, Alexandre Santos"]
[Result "1/2-1/2"]
[WhiteElo "1594"]
[BlackElo "1560"]
[PlyCount "98"]
[EventDate "2019.07.12"]
[EventType "swiss"]
[EventRounds "7"]
[EventCountry "BRA"]
[SourceTitle "CBM 195 Extra"]
[Source "ChessBase"]
[SourceDate "2020.05.31"]
[SourceVersion "1"]
[SourceVersionDate "2020.05.31"]
[SourceQuality "1"]

1. d4 Nf6 2. Nf3 c5 3. c3 e6 4. Bf4 cxd4 5. cxd4 Nc6 6. e3 d5 7. Be2 Bd6 8. Bxd6 Qxd6 9. Nc3 a6 10. 0-0 Ng4 11. h3 Nf6 12. Rc1 b5 13. Nd2 h5 14. Nb3 g5 15. Nc5 g4 16. hxg4 Nxg4 17. Bxg4 hxg4 18. g3 f5 19. Ne2 Bd7 20. Nf4 Kf7 21. Kg2 e5 22. dxe5 Nxe5 23. Qxd5+ Qxd5+ 24. Nxd5 Bc6 25. Rfd1 Nf3 26. Kf1 Bxd5 27. b3 Rh1+ 28. Ke2 Rxd1 29. Rxd1 Be6 30. Rd6 Ng5 31. Nxa6 Bc8 32. Nb4 Ne4 33. Rd4 Ke6 34. Rd8 Bb7 35. Rxa8 Bxa8 36. Nc2 Nd6 37. Nd4+ Ke5 38. a4 bxa4 39. bxa4 Nc4 40. f3 Bb7 41. Kf2 Bc8 42. Nc6+ Kd6 43. Nd4 Bd7 44. Ke2 gxf3+ 45. Kxf3 Kc5 46. Ne2 Bxa4 47. g4 Bc6+ 48. Kg3 Nxe3 49. gxf5 Nxf5+ 1/2-1/2